01186 a2200205 45000010006000000050017000060080041000230030015000640400040000790800071001192450039001900200018002292640034002473000019002815050578003001000023008787000029009017000024009307000026009543947220260407155653.0260407a1988 arg spa dAR-UNSa-BCEJYS aAR-UNSa-BCEJYSbspacAR-UNSa-BCEJYS a659xPublicidad y propaganda. Información Relaciones públicas 10aTeoría y problemas de resultados a968-451-019-5 1aMéxico :bMcGraw-Hillc1988 a181 p.c27 cm. a1. Por que hacer publicidad? - 2. Organización de la publicidad - 3. Publicidad impresa - 4. Radio y televisión - 5. Publicidad exterior, publicidad movil y publicidad en punto de venta - 6. Publicidad por correo directo - 7.Comportamiento del consumidor y motivación - 8. Como encontrar y utilizar un atractivo publicitario - 9. El texto publicitario - 10. Arte publicitario, bocetos y tipografía - 11. Impresión y producción - 12. Cómo se crea una campaña - 13. Como se prepara y se controla un presupuesto publicitario - 14. Investigación publicitaria.1 aHoltje, Herbert F.1 aSabogal Sabogal, Narciso1 aVillamizar, Jesús1 aPalacio Lerma, Anibal